Modern Network Synthesis . Volume2 : N- PORT NETWORKS, ACTIVE NET-WORKS/ and RELATED TOPICS /
Saved in:
| Main Author: | |
|---|---|
| Format: | Book |
| Language: | Vietnamese |
| Published: |
New York :
HaydenBook ,
1964
|
| Subjects: | |
| Tags: |
Add Tag
No Tags, Be the first to tag this record!
|
| Institutions: | Thư viện Trường CĐ Kỹ Thuật Cao Thắng |
|---|
| LEADER | 00624nam a2200181 a 4500 | ||
|---|---|---|---|
| 001 | TVCDKTCT3401 | ||
| 003 | Thư viện trường Cao đẳng Kỹ thuật Cao Thắng | ||
| 005 | 20050926000000 | ||
| 008 | 050926 | ||
| 980 | \ | \ | |a Thư viện Trường CĐ Kỹ Thuật Cao Thắng |
| 024 | |a RG_1 #1 eb0 i1 | ||
| 041 | 0 | # | |a vie |
| 082 | # | # | |a 621.3 / |b D400C-m |
| 100 | 1 | # | |a A.Calahan Donald |
| 245 | 0 | 0 | |a Modern Network Synthesis . Volume2 : N- PORT NETWORKS, ACTIVE NET-WORKS/ and RELATED TOPICS / |c A.Calahan Donald |
| 260 | # | # | |a New York : |b HaydenBook , |c 1964 |
| 300 | # | # | |a 114tr. ; |c 20,5cm |
| 650 | # | 4 | |a Kỹ nghệ điện |